| 000 | 01064cam a22003014a 4500 | ||
|---|---|---|---|
| 999 |
_c23864 _d23864 |
||
| 001 | 12887457 | ||
| 005 | 20170127111359.0 | ||
| 008 | 020808s2004 ohua 001 0 eng | ||
| 010 | _a 2002111168 | ||
| 020 | _a0324168624 (pbk. : package) | ||
| 020 | _a0324269382 (book) | ||
| 035 | _a(DLC) 2002111168 | ||
| 042 | _apcc | ||
| 050 | 0 | 0 | _aHB171.5 .M264 2004 |
| 100 | 1 | _aMankiw, N. Gregory. | |
| 245 | 1 | 0 |
_aPrinciples of economics / _cN. Gregory Mankiw. |
| 246 | 3 | 0 | _aEconomics |
| 250 | _a3rd ed. | ||
| 260 |
_aMason, Ohio : _bThomson/South-Western, _cc2004. |
||
| 300 |
_axxxix, 848 p. : _bcol. ill. ; _c27 cm. |
||
| 500 | _a"Mankiw principles of economics"--P. [4] of cover. | ||
| 500 | _aIncludes index. | ||
| 650 | 0 | _aEconomics. | |
| 942 |
_2lcc _cAFRICANA |
||